000 00261nam a2200097Ia 4500
001 683716
005 20250826161444.0
008 250824s9999 xx 000 0 und d
245 0 _aPEYGAMBERİMİZİN ÖRNEK AHLAKI
_cHAYREDDİN KARAMAN
260 _bTİMAŞ YAYINLARI
999 _c683716
_d683716